000 00918nam a2200253Ia 4500
003 GCL
008 140319s9999 xx 000 0 ara d
040 _aGCL /
_cGCL
082 0 4 _a913.4
_bف م
100 1 _aفيليبس، وندل
245 1 0 _aمملكتا قتبان وسبا :
_bاستكشاف الممالك القديمة الواقعة على طريق التوابل المذكور فى العهد القديم /
_cفيليبس، وندل
700 1 _aالفاضل عباس
260 _aالامارات :
_bالمجمع الثقافى ،
_c2002
300 _a411 ص ؛
_c24 سم
650 0 4 _aالبعثات الاستكشافية
650 0 4 _aالمستكشفون
650 0 4 _aالحفريات
650 0 4 _aسبأ
650 0 4 _aحضر موت
650 0 4 _aالعالم القديم - تاريخ
650 0 4 _aطريق الحرير
650 0 4 _aقتبان - مملكة
942 _2ddc
_cBK
999 _c8084
_d8084